| 000 | 00486nam a2200193Ia 4500 | ||
|---|---|---|---|
| 008 | 130318s9999 xx 000 0 und d | ||
| 020 | _a875844030 | ||
| 082 | _a370.10712 BAR/T | ||
| 100 | _aBarnes, Louis B | ||
| 245 | _aTeaching and the case method | ||
| 250 | _a3 | ||
| 260 |
_bHarvard Business School Press _aBoston _c1994 |
||
| 300 | _a333 | ||
| 650 | _aCASE METHOD | ||
| 650 | _aEDUCATION | ||
| 650 | _aTEACHING | ||
| 700 | _aChristensen C , Roland | ||
| 700 | _aHansen, Abby J | ||
| 999 |
_c642 _d642 |
||